Statistiques concernant Top 20 de chaque confédérations de la FIFA

Cliquez ici pour prendre le quiz!

Statistiques générales

  • Ce quiz a été pris 236 fois
  • Le résultat moyen est 70 sur 100

Statistiques - réponses

GroupRangRéponse% Correct
UEFA (Europe)#2France
99%
UEFA (Europe)#1Belgique
98%
UEFA (Europe)#4Angleterre
97%
UEFA (Europe)#6Espagne
97%
UEFA (Europe)#12Allemagne
96%
UEFA (Europe)#5Portugal
96%
UEFA (Europe)#7Italie
95%
UEFA (Europe)#18Suède
93%
UEFA (Europe)#13Suisse
93%
CONMEBOL (Amérique du Sud)#8Argentine
92%
CONMEBOL (Amérique du Sud)#3Brésil
92%
AFC (Asie)#28Japon
92%
CONCACAF (Amérique du Nord)#11Mexique
92%
AFC (Asie)#41Australie
91%
CONCACAF (Amérique du Nord)#20Etats-Unis
91%
UEFA (Europe)#16Pays-Bas
91%
CAF (Afrique)#33Algérie
90%
CONCACAF (Amérique du Nord)#70Canada
90%
AFC (Asie)#77Chine
90%
AFC (Asie)#39Corée du Sud
90%
UEFA (Europe)#10Danemark
90%
CONMEBOL (Amérique du Sud)#9Uruguay
90%
UEFA (Europe)#14Croatie
89%
CAF (Afrique)#34Maroc
87%
CONMEBOL (Amérique du Sud)#19Chili
86%
CONMEBOL (Amérique du Sud)#15Colombie
86%
OFC (Océanie)#122Nouvelle-Zélande
86%
CAF (Afrique)#22Sénégal
86%
UEFA (Europe)#24Ukraine
85%
UEFA (Europe)#21Pologne
84%
CAF (Afrique)#26Tunisie
84%
UEFA (Europe)#29Turquie
84%
CAF (Afrique)#75Afrique du Sud
83%
CONMEBOL (Amérique du Sud)#81Bolivie
83%
CONMEBOL (Amérique du Sud)#53Equateur
83%
CAF (Afrique)#46Egypte
82%
CONMEBOL (Amérique du Sud)#35Paraguay
82%
CONMEBOL (Amérique du Sud)#27Pérou
82%
UEFA (Europe)#23Autriche
81%
UEFA (Europe)#25Serbie
80%
UEFA (Europe)#37Hongrie
79%
AFC (Asie)#105Inde
79%
AFC (Asie)#31Iran
79%
CONMEBOL (Amérique du Sud)#30Venezuela
79%
CONCACAF (Amérique du Nord)#50Costa Rica
78%
CONCACAF (Amérique du Nord)#67Honduras
77%
CAF (Afrique)#55Cameroun
76%
CAF (Afrique)#59Côte d'Ivoire
75%
AFC (Asie)#58Qatar
75%
CAF (Afrique)#61République démocratique du Congo
75%
CAF (Afrique)#94République du Congo
75%
AFC (Asie)#68Irak
74%
CONCACAF (Amérique du Nord)#45Jamaïque
74%
AFC (Asie)#65Arabie Saoudite
73%
CAF (Afrique)#32Nigeria
73%
CAF (Afrique)#49Ghana
72%
UEFA (Europe)#36Slovaquie
72%
CAF (Afrique)#57Mali
71%
CONCACAF (Amérique du Nord)#78Panama
71%
OFC (Océanie)#163Fidji
70%
UEFA (Europe)#17Pays de Galles
69%
AFC (Asie)#106Thaïlande
69%
CONCACAF (Amérique du Nord)#127Guatemala
66%
CONCACAF (Amérique du Nord)#69Salvador
65%
CONCACAF (Amérique du Nord)#83Haïti
64%
OFC (Océanie)#202Tonga
64%
CAF (Afrique)#72Guinée
61%
OFC (Océanie)#193Samoa
61%
AFC (Asie)#92Viêt Nam
61%
AFC (Asie)#79Syrie
60%
AFC (Asie)#73Emirats Arabes Unis
58%
CAF (Afrique)#88Gabon
58%
CONCACAF (Amérique du Nord)#147Nicaragua
58%
AFC (Asie)#80Oman
56%
AFC (Asie)#95Jordanie
52%
CONCACAF (Amérique du Nord)#156République dominicaine
52%
OFC (Océanie)#164Vanuatu
51%
CAF (Afrique)#87Zambie
51%
CAF (Afrique)#60Burkina Faso
50%
CONCACAF (Amérique du Nord)#165Guyana
50%
CONCACAF (Amérique du Nord)#103Trinité-et-Tobago
50%
OFC (Océanie)#166Papouasie-Nouvelle-Guinée
49%
OFC (Océanie)#143Salomon
49%
CONCACAF (Amérique du Nord)#136Suriname
49%
CAF (Afrique)#82Bénin
48%
AFC (Asie)#93Liban
48%
AFC (Asie)#86Ouzbékistan
46%
CAF (Afrique)#73Cap-Vert
45%
CONCACAF (Amérique du Nord)#162Barbade
44%
CONCACAF (Amérique du Nord)#135Saint-Christophe-et-Niévès
44%
CONCACAF (Amérique du Nord)#128Antigua-et-Barbuda
42%
AFC (Asie)#98Bahreïn
41%
CONCACAF (Amérique du Nord)#160Grenade
41%
CAF (Afrique)#84Ouganda
37%
OFC (Océanie)#157Nouvelle-Calédonie
35%
OFC (Océanie)#161Tahiti
33%
AFC (Asie)#99Kirghizistan
31%
AFC (Asie)#104Palestine
31%
CONCACAF (Amérique du Nord)#76Curaçao
21%
OFC (Océanie)#191Samoa américaines
14%

Distribution des résultats

Percentile par nombre de réponses

% des personnes avec chaque résultat

Votre développement - résultats

Vous n’avez pas pris ce quiz